000 00751nam a2200253Ia 4500
003 OSt
005 20220928113615.0
006 a|||||r|||| 00| 0
007 ta
008 220927b |||||||| |||| 00| 0 eng d
020 _cUSD 185.00
024 _a137180
037 _b90, 21/02/2018, Kiran Book Service
_cTextual
040 _aSDCL
_cSDCL
_beng
041 _2eng
_aeng
082 _a4:(X3), Q8
100 _aRaleigh Sam Ed.
_9434028
245 0 _aDynamics of mass media and communication
260 _aNew York
_b Clanrye International
_c2018
300 _avii,223p.
_ccm.
650 _aHindi
_9391598
942 _h4:(X3), Q8
_cTEXL
_2CC
999 _c750424
_d750424